000 00277nam a2200109Ia 4500
008 230320s9999||||xx |||||||||||||| ||spa||
082 _a301/M43
100 _aMarril, Francis
245 0 _aIntroduccion A La Sociologia : Sociedad Y Cultura
260 _bAGUILAR
942 _80
_cLIB
999 _c27973
_d27973